Choix de poesies

Salvato in:
Dettagli Bibliografici
Autore principale: Coppée, Francois
Natura: Libro
Lingua:Undetermined
Pubblicazione: París, Francia Libraire Alphonse Lemerre 1929
Soggetti:
Tags: Aggiungi Tag
Nessun Tag, puoi essere il primo ad aggiungerne!!

MARC

LEADER 00000nam a2200000Ia 4500
008 170316s9999 xx 000 0 und d
040 |a cru BVZT 
090 |a 840 C-11ch 
100 |a Coppée, Francois 
245 |a Choix de poesies 
260 |a París, Francia 
260 |b Libraire Alphonse Lemerre 
260 |c 1929 
300 |a 249 páginas 
650 |a LITERATURA FRANCESA 
999 |c 7565  |d 7565 
942 |c 15 D  |h 840 C-11ch  |2 z